Cái tôi trữ tình trong thơ Xuân Quỳnh : Luận Văn Thạc Sĩ Văn Học Chuyên Ngành Văn Học Việt Nam
Đề tài nghiên cứu cái tôi trữ tình trong thơ Xuân Quỳnh thể hiện ở hai phương diện nôi dung nghệ thuật trong thơ Xuân Quỳnh
में बचाया:
| मुख्य लेखक: | |
|---|---|
| स्वरूप: | पुस्तक |
| भाषा: | Undetermined |
| प्रकाशित: |
Cần Thơ
Trường Đại học Cần Thơ
2010
|
| विषय: | |
| टैग : |
टैग जोड़ें
कोई टैग नहीं, इस रिकॉर्ड को टैग करने वाले पहले व्यक्ति बनें!
|
| Thư viện lưu trữ: | Trung tâm Học liệu Trường Đại học Cần Thơ |
|---|
| LEADER | 01017nam a2200229Ia 4500 | ||
|---|---|---|---|
| 001 | CTU_163122 | ||
| 008 | 210402s9999 xx 000 0 und d | ||
| 082 | |a 895.9221009 | ||
| 082 | |b L250 | ||
| 088 | |a 60220121 | ||
| 100 | |a Nguyễn, Thị Huyền Lê | ||
| 245 | 0 | |a Cái tôi trữ tình trong thơ Xuân Quỳnh : | |
| 245 | 0 | |b Luận Văn Thạc Sĩ Văn Học Chuyên Ngành Văn Học Việt Nam | |
| 245 | 0 | |c Nguyễn Thị Huyền Lê; Phạm Thanh Hùng (Hướng dẫn Khoa học) | |
| 260 | |a Cần Thơ | ||
| 260 | |b Trường Đại học Cần Thơ | ||
| 260 | |c 2010 | ||
| 520 | |a Đề tài nghiên cứu cái tôi trữ tình trong thơ Xuân Quỳnh thể hiện ở hai phương diện nôi dung nghệ thuật trong thơ Xuân Quỳnh | ||
| 650 | |a Thơ Việt Nam,Vietnamese poetry | ||
| 650 | |x Nghiên cứu,Research | ||
| 904 | |i Trọng Hải | ||
| 980 | |a Trung tâm Học liệu Trường Đại học Cần Thơ | ||